| 000 | 01260nam a22000857a 4500 | ||
|---|---|---|---|
| 008 | 151221b xxu||||| |||| 00| 0 eng d | ||
| 100 | _aHofstetter, H. | Bonnafous, C. | ||
| 245 | _aLa poste locale du Maroc | ||
| 650 | _aFrance -- Offices in Morocco (1891-1912) | Morocco | Locals and Private Posts | 19th Century | 20th Century | French Morocco (1912-1956) | French Colonies | Cheriffien Post | Spanish Colonies | Spanish Offices -- Morocco (1903-1914) | Spanish Offices -- Tangier | Spanish Offices -- Tetuan | Spanish Morocco -- Tetuan (1908-1909) | Spanish Morocco | Anglo-Italian Consular Post | Great Britain -- Offices in Morocco | Italy | Consular Mail | Germany -- Offices in Morocco | Offices Abroad | Overprints and Surcharges | Provisionals and Forerunners | Postage Dues Cinderella Material | Reissues and Reprints | Forgeries and Counterfeits | Errors and Varieties | Printing | Perforation | Imperforate Issues | Paper | Color | Production | Essays and Proofs | Designs | Stamps -- Histories | Postal Markings | Used Abroad | Offices Abroad | Post Offices | Postal Agencies | Postal History | Seals and Labels | Postage Due Labels | Postal Stationery | Cards | Bogus Issues | Military and War Issues | Melilla | Franchise Issues | Catalogs and Price Lists | ||
| 999 |
_c1748 _d1748 |
||